000 00807nam a2200265 i 4500
001 000020163
003 DO-SdBNP
005 20240528144811.0
007 ta
008 100726s2006 ch ac 000 0 spa d
040 _aDO-SdBNP
_bspa
_cBNPHU
049 _aBNPD
082 4 _bP649g
_222
100 1 _aPineda, Rafael,
_910784
_eautor
245 1 3 _aEl General cabral y la guerra patria Santomé 1855 /
_cRafael Pineda
264 _aTaiwan :
_bCopy City,
_c2006.
300 _a133 páginas :
_bilustraciones ;
_c18 cm.
336 _2rdacontent
_atexto
_btxt
337 _2rdamedia
_asin mediación
_bn
338 _2rdacarrier
_avolumen
_bnc
500 _aIncluye datos biográficos del autor en las solapas
504 _aBibliográfia : p. 130-132
590 _aInventariado, 2024/BT
942 _2ddc
_cLBS1
999 _c19670
_d19670